| 000 | 00510nam a2200169 a 4500 | ||
|---|---|---|---|
| 001 | 2940 | ||
| 005 | 20140414131932.0 | ||
| 008 | 051130s19uu xx 00 eng d | ||
| 020 | _a0-590-97266-9 | ||
| 050 |
_aREF 179 _bB46 1995 |
||
| 100 | _aBennet, William J. | ||
| 245 |
_aThe children's book of virtues / _cedited by William J. Bennett ; illustrated by Michael Hague. |
||
| 260 |
_aNew York : _bScholastic, _c1995. |
||
| 300 | _a111 p. ; cm. | ||
| 650 |
_aVirtues _xJuvenile literature. |
||
| 999 |
_c112271 _d112271 |
||